|
|
|
|
| LEADER |
01896nam a2200337 a 4500 |
| 001 |
50852218 |
| 003 |
BD-DhAAL |
| 005 |
20190911124942.0 |
| 008 |
120701s2002 enka b 001 0 eng d |
| 999 |
|
|
|c 12440
|d 12440
|
| 020 |
|
|
|a 9780194371742
|
| 020 |
|
|
|a 0194371743
|
| 040 |
|
|
|a EUE
|c EUE
|d UKM
|d CPV
|d OCLCQ
|d UAB
|d BD-DhAAL
|
| 082 |
0 |
0 |
|a 418.007
|2 22
|
| 100 |
1 |
|
|a Brown, James Dean.
|9 34395
|
| 245 |
1 |
0 |
|a Doing second language research /
|c James Dean Brown and Theodore S. Rogers.
|
| 260 |
|
|
|a Oxford, England ;
|a New York :
|b Oxford University Press,
|c 2002.
|
| 300 |
|
|
|a xiv, 314 pages :
|b illustrations ;
|c 24 cm.
|
| 490 |
1 |
|
|a Oxford handbooks for language teachers
|
| 504 |
|
|
|a Includes bibliographical references (p. [295]-307) and index.
|
| 526 |
|
|
|a BIED
|
| 541 |
|
|
|a Complimentary copy from BIED
|e 00025494, 35335
|
| 650 |
|
0 |
|a Language and languages
|x Study and teaching
|x Research
|x Methodology.
|9 34396
|
| 650 |
|
0 |
|a Second language acquisition
|x Statistical methods.
|9 34397
|
| 700 |
1 |
|
|a Rodgers, Theodore S.
|q (Theodore Stephen),
|d 1934-
|9 34398
|
| 830 |
|
|
|a Oxford handbooks for language teachers
|9 34399
|
| 852 |
4 |
|
|a Ayesha Abed Library
|j General shelf.
|
| 942 |
|
|
|2 ddc
|c BK
|
| 952 |
|
|
|0 0
|1 3
|2 ddc
|4 0
|6 418_007000000000000_BRO
|7 0
|9 20593
|a BRACUL
|b BRACUL
|c GEN
|d 2012-07-01
|e Karim International
|g 707.55
|l 3
|m 7
|o 418.007 BRO
|p 3010025494
|r 2016-02-03
|s 2014-02-08
|t 1
|w 2012-07-01
|y BK
|x Lost and cost paid TK-1415/- by MD. Akteruzzaman on 03/02/2016
|
| 952 |
|
|
|0 0
|1 0
|2 ddc
|4 0
|6 418_007000000000000_BRO
|7 0
|9 21086
|a BRACUL
|b BRACUL
|c GEN
|d 2012-09-11
|e Karim International
|g 940.00
|l 11
|m 37
|o 418.007 BRO
|p 3010025951
|r 2026-01-29
|s 2026-01-29
|t 2
|w 2012-09-11
|y BK
|
| 952 |
|
|
|0 0
|1 0
|2 ddc
|4 0
|6 418_007000000000000_BRO
|7 0
|9 66234
|a BRACUL
|b BRACUL
|c GEN
|d 2019-09-11
|e Complimentary copy from BIED
|g 940.00
|l 0
|o 418.007 BRO
|p 3010035335
|r 2019-09-11
|t 3
|w 2019-09-11
|y BK
|x Transferred from BIED to General Stacks
|